000 00629nam a2200229Ia 4500
003 OSt
005 20221006153754.0
006 a|||||r|||| 00| 0
007 ta
008 221006b |||||||| |||| 00| 0 chi d
024 _a33,303
037 _bGift, PRC
_cAnnuals, Advances
040 _aEASL
_cEASL
_bchi
041 _2chi
_achi
082 _aV1n1,P5, 41P5
245 0 _aShi Jie Zhi Shi Nian Jian 2004/2005
260 _aBeijing
_bShi Jie Zhi Shi Chu banshe
_c2005
300 _a1238p. 1CD
_ccm.
490 _v RR
942 _hV1n1,P5, 41P5
_cREF
_2CC
999 _c1101389
_d1101389